|
|
|
|
| LEADER |
03163nam a22006015i 4500 |
| 001 |
978-3-642-12519-5 |
| 003 |
DE-He213 |
| 005 |
20151204184254.0 |
| 007 |
cr nn 008mamaa |
| 008 |
100407s2010 gw | s |||| 0|eng d |
| 020 |
|
|
|a 9783642125195
|9 978-3-642-12519-5
|
| 024 |
7 |
|
|a 10.1007/978-3-642-12519-5
|2 doi
|
| 040 |
|
|
|d GrThAP
|
| 050 |
|
4 |
|a QA75.5-76.95
|
| 072 |
|
7 |
|a UNH
|2 bicssc
|
| 072 |
|
7 |
|a UND
|2 bicssc
|
| 072 |
|
7 |
|a COM030000
|2 bisacsh
|
| 082 |
0 |
4 |
|a 025.04
|2 23
|
| 245 |
1 |
0 |
|a Knowledge Discovery from Sensor Data
|h [electronic resource] :
|b Second International Workshop, Sensor-KDD 2008, Las Vegas, NV, USA, August 24-27, 2008, Revised Selected Papers /
|c edited by Mohamed Medhat Gaber, Ranga Raju Vatsavai, Olufemi A. Omitaomu, João Gama, Nitesh V. Chawla, Auroop R. Ganguly.
|
| 264 |
|
1 |
|a Berlin, Heidelberg :
|b Springer Berlin Heidelberg,
|c 2010.
|
| 300 |
|
|
|a IX, 227 p. 110 illus.
|b online resource.
|
| 336 |
|
|
|a text
|b txt
|2 rdacontent
|
| 337 |
|
|
|a computer
|b c
|2 rdamedia
|
| 338 |
|
|
|a online resource
|b cr
|2 rdacarrier
|
| 347 |
|
|
|a text file
|b PDF
|2 rda
|
| 490 |
1 |
|
|a Lecture Notes in Computer Science,
|x 0302-9743 ;
|v 5840
|
| 505 |
0 |
|
|a Data Mining for Diagnostic Debugging in Sensor Networks: Preliminary Evidence and Lessons Learned -- Monitoring Incremental Histogram Distribution for Change Detection in Data Streams -- Situation-Aware Adaptive Visualization for Sensory Data Stream Mining -- Unsupervised Plan Detection with Factor Graphs -- WiFi Miner: An Online Apriori-Infrequent Based Wireless Intrusion System -- Probabilistic Analysis of a Large-Scale Urban Traffic Sensor Data Set -- Spatio-temporal Outlier Detection in Precipitation Data -- Large-Scale Inference of Network-Service Disruption upon Natural Disasters -- An Adaptive Sensor Mining Framework for Pervasive Computing Applications -- A Simple Dense Pixel Visualization for Mobile Sensor Data Mining -- Incremental Anomaly Detection Approach for Characterizing Unusual Profiles -- Spatiotemporal Neighborhood Discovery for Sensor Data.
|
| 650 |
|
0 |
|a Computer science.
|
| 650 |
|
0 |
|a Computer communication systems.
|
| 650 |
|
0 |
|a Database management.
|
| 650 |
|
0 |
|a Data mining.
|
| 650 |
|
0 |
|a Information storage and retrieval.
|
| 650 |
|
0 |
|a Pattern recognition.
|
| 650 |
1 |
4 |
|a Computer Science.
|
| 650 |
2 |
4 |
|a Information Storage and Retrieval.
|
| 650 |
2 |
4 |
|a Computer Communication Networks.
|
| 650 |
2 |
4 |
|a Database Management.
|
| 650 |
2 |
4 |
|a Data Mining and Knowledge Discovery.
|
| 650 |
2 |
4 |
|a Pattern Recognition.
|
| 700 |
1 |
|
|a Gaber, Mohamed Medhat.
|e editor.
|
| 700 |
1 |
|
|a Vatsavai, Ranga Raju.
|e editor.
|
| 700 |
1 |
|
|a Omitaomu, Olufemi A.
|e editor.
|
| 700 |
1 |
|
|a Gama, João.
|e editor.
|
| 700 |
1 |
|
|a Chawla, Nitesh V.
|e editor.
|
| 700 |
1 |
|
|a Ganguly, Auroop R.
|e editor.
|
| 710 |
2 |
|
|a SpringerLink (Online service)
|
| 773 |
0 |
|
|t Springer eBooks
|
| 776 |
0 |
8 |
|i Printed edition:
|z 9783642125188
|
| 830 |
|
0 |
|a Lecture Notes in Computer Science,
|x 0302-9743 ;
|v 5840
|
| 856 |
4 |
0 |
|u http://dx.doi.org/10.1007/978-3-642-12519-5
|z Full Text via HEAL-Link
|
| 912 |
|
|
|a ZDB-2-SCS
|
| 912 |
|
|
|a ZDB-2-LNC
|
| 950 |
|
|
|a Computer Science (Springer-11645)
|